Detalles MARC
| 000 -CABECERA |
| campo de control de longitud fija |
01798nam a2200301 i 4500 |
| 003 - IDENTIFICADOR DEL NÚMERO DE CONTROL |
| campo de control |
vecauma |
| 005 - FECHA Y HORA DE LA ÚLTIMA TRANSACCIÓN |
| campo de control |
20260410201910.0 |
| 007 - CAMPO FIJO DE DESCRIPCIÓN FÍSICA--INFORMACIÓN GENERAL |
| campo de control de longitud fija |
ta |
| 008 - DATOS DE LONGITUD FIJA--INFORMACIÓN GENERAL |
| campo de control de longitud fija |
260410s2002 ve |||||r|||| 00| 0 spa d |
| 040 ## - FUENTE DE LA CATALOGACIÓN |
| Centro catalogador/agencia de origen |
vecauma |
| Lengua de catalogación |
spa |
| Centro/agencia transcriptor |
vecauma |
| Centro/agencia modificador |
vecauma |
| Normas de descripción |
rda |
| 041 0# - CÓDIGO DE LENGUA |
| Código de lengua del recurso |
spa |
| 099 ## - Cota |
| Sufijo de archivo |
FOLLETO 0404 |
| 245 00 - MENCIÓN DE TÍTULO |
| Título |
Para conocer a Reynaldo Hahn |
| Mención de responsabilidad, etc. |
/ investigación y redacción, Teresa Alvarenga. |
| 264 #1 - PRODUCCIÓN, PUBLICACIÓN, DISTRIBUCIÓN, FABRICACIÓN Y COPYRIGHT |
| Producción, publicación, distribución, fabricación y copyright |
Caracas, Venezuela : |
| Nombre del de productor, editor, distribuidor, fabricante |
Fundación Teresa Carreño : |
| -- |
Centro de Documentación e Investigación, Trayectodanza, |
| Fecha de producción, publicación, distribución, fabricación o copyright |
2002. |
| 300 ## - DESCRIPCIÓN FÍSICA |
| Extensión |
53 páginas. |
| 336 ## - TIPO DE CONTENIDO |
| Término de tipo de contenido |
texto |
| Código de tipo de contenido |
txt |
| Fuente |
rdacontenido |
| 337 ## - TIPO DE MEDIO |
| Nombre/término del tipo de medio |
no mediado |
| Código del tipo de medio |
n |
| Fuente |
rdamedio |
| 338 ## - TIPO DE SOPORTE |
| Nombre/término del tipo de soporte |
volumen |
| Código del tipo de soporte |
nc |
| Fuente |
rdasoporte |
| 490 0# - MENCIÓN DE SERIE |
| Mención de serie |
Cuadernos de difusión del TTC |
| Designación de volumen o secuencia |
1 |
| 504 ## - NOTA DE BIBLIOGRAFÍA, ETC. |
| Nota de bibliografía, etc. |
Incluye referencias bibliográficas (páginas 51-53) |
| 520 3# - SUMARIO, ETC. |
| Sumario, etc. |
Reynaldo Hahn es uno de los más reconocidos músicos de finales del siglo XIX y comienzo del siglo XX en Europa. Caraqueño de nacimiento, obtuvo notoriedad en Francia, su país de adopción. A lo largo de estas páginas se recorre el momento de su vida familiar, su mundo de relaciones con famosos artistas como Marcel Proust y Sara Bernhardt y sus conquistas profesionales hasta llegar a ser no solo un exitoso compositor de óperas, ballets, operetas, canciones, música de camara y sinfónica, sino también un brillante conferencista y agudo crítico musical. Una síntesis de sus vivencias, sus libros y su pensamiento es presentada aquí para que las nuevas generaciones y el público general se suman a quienes admiran con razón a este polifacético creador. |
| 600 10 - PUNTO DE ACCESO ADICIONAL DE MATERIA--NOMBRE DE PERSONA |
| 9 (RLIN) |
13136 |
| Nombre de persona |
Hahn, Reynaldo, |
| Fechas asociadas al nombre |
1875-1947 |
| 651 #0 - PUNTO DE ACCESO ADICIONAL DE MATERIA--NOMBRE GEOGRÁFICO |
| 9 (RLIN) |
8986 |
| Nombre geográfico |
VENEZUELA |
| Subdivisión general |
BIOGRAFIAS |
| 655 #0 - TÉRMINO DE INDIZACIÓN--GÉNERO/FORMA |
| 9 (RLIN) |
12450 |
| Datos o término principal de género/forma |
BIOGRAFIAS |
| 700 1# - ENTRADA AGREGADA--NOMBRE PERSONAL |
| 9 (RLIN) |
13986 |
| Nombre de persona |
Alvarenga, Teresa |
| Término indicativo de función/relación |
autor |
| 942 #1 - ELEMENTOS DE ENTRADA AGREGADA (KOHA) |
| Fuente del sistema de clasificación o colocación |
Library of Congress Classification |
| Ocultar en OPAC |
No |
| Tipo de ítem Koha |
Folletos |